00664nam a2200229 a 4500001001300000003000900013005001700022008004100039020001000080082001600090245001600106260004400122300000700166500003500173505002800208650002400236710002700260902000800287942000700295952011700302999001500419nice12345678IN_TiNIC20260116012956.0050524s0000 newa grp 000 0 urd  ac10000a241.53bBIB aPahadi Waaz aNew DelhibBible Society of Indiac0000 a6p aincludes index and biblioraphy2 aRef, Bibliography, Err. aSermon on the Mount2 aBible Society of India bSRS cBK 001040708StackRoom-aHMIbHMId2007-06-29g100.00l0o241.53 BIBp011294r2007-06-29v100.00w2005-05-24yBK c9130d9130